Loading...
Fine Arts - Classical Music | 0 | 10 | 0 | 1 | 100 | 50 | 89.70 | 8 | 10 |
Fine Arts - Painting & Sculpture | 0 | 10 | 0 | 1 | 100 | 30 | 77.10 | 9 | 10 |
Literature - European Literature | 0 | 10 | 0 | 0 | 100 | 58 | 86.40 | 10 | 10 |
Literature - World Literature | 0 | 9 | 0 | 1 | 90 | 53 | 71.89 | 9 | 9 |
Literature - American Literature | 0 | 9 | 1 | 0 | 85 | 42 | 82.44 | 5 | 9 |
Fine Arts - Other Fine Arts | 0 | 7 | 1 | 1 | 65 | 57 | 95.86 | 5 | 7 |
Literature - British Literature | 0 | 7 | 2 | 0 | 60 | 41 | 77.57 | 5 | 7 |
History - Other History | 0 | 5 | 1 | 1 | 45 | 26 | 89.20 | 2 | 5 |
Religion | 0 | 5 | 2 | 2 | 40 | 48 | 107.00 | 1 | 5 |
Philosophy | 0 | 4 | 0 | 0 | 40 | 76 | 106.75 | 2 | 4 |
History - World History | 0 | 4 | 2 | 0 | 30 | 30 | 51.75 | 4 | 4 |
Other | 0 | 3 | 0 | 0 | 30 | 84 | 88.33 | 2 | 3 |
Social Science | 0 | 2 | 0 | 0 | 20 | 98 | 98.50 | 2 | 2 |
Science - Other Science | 0 | 2 | 0 | 1 | 20 | 89 | 115.50 | 1 | 2 |
Science - Chemistry | 0 | 2 | 0 | 0 | 20 | 104 | 114.00 | 1 | 2 |
Science - Physics | 0 | 1 | 0 | 0 | 10 | 128 | 128.00 | 0 | 1 |
Mythology | 0 | 2 | 2 | 0 | 10 | 41 | 82.00 | 2 | 2 |
History - European History | 0 | 1 | 1 | 0 | 5 | 77 | 77.00 | 1 | 1 |
History - American History | 0 | 1 | 1 | 1 | 5 | 135 | 135.00 | 0 | 1 |